English for Competitive Examinations: Includes Descriptive and Objective Tests (Record no. 12334)
[ view plain ]
| 000 -LEADER | |
|---|---|
| fixed length control field | 00460nam a22001697a 4500 |
| 003 - CONTROL NUMBER IDENTIFIER | |
| control field | OSt |
| 008 - FIXED-LENGTH DATA ELEMENTS--GENERAL INFORMATION | |
| fixed length control field | 240329b |||||||| |||| 00| 0 eng d |
| 020 ## - INTERNATIONAL STANDARD BOOK NUMBER | |
| International Standard Book Number | 9789352837564 |
| 082 ## - DEWEY DECIMAL CLASSIFICATION NUMBER | |
| Classification number | 425 MAE |
| 100 ## - MAIN ENTRY--PERSONAL NAME | |
| Personal name | WREN & MARTIN |
| 245 ## - TITLE STATEMENT | |
| Title | English for Competitive Examinations: Includes Descriptive and Objective Tests |
| 250 ## - EDITION STATEMENT | |
| Edition statement | Ist. ed. |
| 260 ## - PUBLICATION, DISTRIBUTION, ETC. (IMPRINT) | |
| Place of publication, distribution, etc | New Delhi |
| Name of publisher, distributor, etc | S Chand and Company Limited |
| Date of publication, distribution, etc | 2021 |
| 300 ## - PHYSICAL DESCRIPTION | |
| Extent | 609 p. |
| 650 ## - SUBJECT ADDED ENTRY--TOPICAL TERM | |
| Topical term or geographic name as entry element | English |
| 942 ## - ADDED ENTRY ELEMENTS (KOHA) | |
| Source of classification or shelving scheme | Dewey Decimal Classification |
| Koha item type | Text Books |
| Withdrawn status | Lost status | Source of classification or shelving scheme | Damaged status | Not for loan | Collection code | Home library | Current library | Date acquired | Source of acquisition | Currency | Cost, normal purchase price | Bill Number | Total Checkouts | Full call number | Acc. no. / Barcode | Date last seen | Actual Cost, discounted price | Bill Date | Koha item type | Date last borrowed |
|---|---|---|---|---|---|---|---|---|---|---|---|---|---|---|---|---|---|---|---|---|
| Dewey Decimal Classification | B.A Hons. English | PIET NCR College Library | PIET NCR College Library | 23/03/2024 | Zafaa Books & Distributors | In Rupees | 525.00 | ZBD0458 | 425 MAE | N3527 | 29/03/2024 | 367.50 | 23/03/2024 | Reference Books | ||||||
| Dewey Decimal Classification | B.A Hons. English | PIET NCR College Library | PIET NCR College Library | 23/03/2024 | Zafaa Books & Distributors | In Rupees | 525.00 | ZBD0458 | 425 MAE | N3528 | 29/03/2024 | 367.50 | 23/03/2024 | Text Books | ||||||
| Dewey Decimal Classification | B.A Hons. English | PIET NCR College Library | PIET NCR College Library | 23/03/2024 | Zafaa Books & Distributors | In Rupees | 525.00 | ZBD0458 | 1 | 425 MAE | N3529 | 23/05/2025 | 367.50 | 23/03/2024 | Text Books | 23/08/2024 | ||||
| Dewey Decimal Classification | B.A Hons. English | PIET NCR College Library | PIET NCR College Library | 23/03/2024 | Zafaa Books & Distributors | In Rupees | 525.00 | ZBD0458 | 425 MAE | N3530 | 29/03/2024 | 367.50 | 23/03/2024 | Text Books | ||||||
| Dewey Decimal Classification | B.A Hons. English | PIET NCR College Library | PIET NCR College Library | 23/03/2024 | Zafaa Books & Distributors | In Rupees | 525.00 | ZBD0458 | 1 | 425 MAE | N3531 | 25/08/2025 | 367.50 | 23/03/2024 | Text Books | 11/08/2025 |